00779nam a2200205 a 4500008004100000020003400041040002500075041001300100044001100113080002800124100002400152245010200176250001300278260005400291300002800345500011400373700002900487700003200516700002500548951121s1987||||[C 0 slo c c180 Kčs. q(30 000 výtl.) aSNKbslocSNKeAACR21 aslohspa axocSK a7.032.6/.7(091)(084.12)1 aPijoan, José4aut10aDejiny umenia. /Zv./ 2cJosé Pijoan ; Anna Škorupová, Ludmila Zapletalová, Juraj Žáry a2., vyd. aBratislavabTatranc1987eMartinfTlačiarne SNP a336 s., 66,64 AHc30 cm aFot. na front. a predsádkach. Reg. Mimo edície. Litogr. filmy reprod. dodalo nakl. Salvat Editores, S. A.1 aŠkorupová, Anna4trl1 aZapletalová, Ludmila4bkd1 aŽáry, Juraj4oth